Harry Potter "K" and "L" characters - Statistics

General Stats
  • This quiz has been taken 242 times
    232 since last reset
  • The average score is 8 of 11
Answer Stats
Hint Answer % Correct
L Name shared by Harry's mother and daughter Lily Potter
99%
L Owned radish earrings and spectrespecs Luna Lovegood
99%
K Gryffindor chaser who touched a cursed necklace Katie Bell
97%
K Servent to Regulus, Sirius, and Harry Kreacher
96%
L Sent Ron a chain that read "My Sweetheart" Lavender Brown
94%
L Death Eater who planted Riddle's Diary Lucius Malfoy
93%
K Mother of Albus, Aberforth, and Ariana Kendra Dumbledore
91%
L Host of Potterwatch Lee Jordan
73%
K Potterwatch contributor Royal Kingsley Shacklebolt
50%
L Friend of the Gryffindor who touched the necklace Leanne
40%
L Ravenclaw sorted right before Ron Lisa Turpin
16%
No matching quizzes found
Score Distribution
Percent of People with Each Score
Percentile by Number Answered
Your Score History
You have not taken this quiz since the last reset